[Event "GBR-ch83"]
[Site "Nottingham"]
[Date "1996.08.06"]
[Round "2.2"]
[White "Hempson, Peter W"]
[Black "Hebden, Mark L"]
[Result "1/2-1/2"]
[WhiteElo "2235"]
[BlackElo "2530"]
[PlyCount "198"]
[EventDate "1996.08.05"]
[EventType "swiss"]
[EventRounds "11"]
[EventCountry "GBR"]

1. d4 Nf6 2. c4 g6 3. Nc3 Bg7 4. e4 d6 5. f3 O-O 6. Be3 c5 7. d5 e6 8. Qd2 exd5
9. cxd5 a6 10. a4 Re8 11. Bc4 Nbd7 12. Nge2 Ne5 13. b3 b6 14. O-O Rb8 15. Nf4
Nfd7 16. Be2 Nf8 17. Rac1 Qd7 18. Nd3 f5 19. Bf4 Nf7 20. Kh1 Qe7 21. Rfe1 g5
22. Bg3 f4 23. Bf2 Ng6 24. g3 b5 25. axb5 Nfe5 26. gxf4 Nxd3 27. Bxd3 Nxf4 28.
Bg3 Be5 29. Rg1 Kh8 30. Ne2 Nh3 31. Bxe5+ Qxe5 32. Rg3 axb5 33. Ng1 Nf4 34. Ne2
Nxd3 35. Qxd3 g4 36. Ng1 b4 37. Re1 Bf5 38. Rc1 Bd7 39. Re1 Qc3 40. Qb1 Qe5 41.
fxg4 Re7 42. Nf3 Qf4 43. Qb2+ Kg8 44. e5 Rbe8 45. e6 Bc8 46. g5 Qf8 47. Qf6 Bb7
48. Rd1 Rg7 49. Kg1 Rg6 50. Qxf8+ Rxf8 51. e7 Re8 52. Nh4 Rxe7 53. Nxg6 hxg6
54. h4 Re4 55. Rh3 Bc8 56. Rh2 Bf5 57. Ra1 Rg4+ 58. Rg2 Rxh4 59. Ra6 Be4 60.
Rg3 Rh1+ 61. Kf2 Rh2+ 62. Ke3 Bxd5 63. Rxd6 Bf7 64. Rf3 Rb2 65. Ke4 Re2+ 66.
Kd3 Re5 67. Rg3 Kf8 68. Kd2 Rf5 69. Kc2 Ke7 70. Rd2 Bd5 71. Kb2 Kd6 72. Re2 Kc6
73. Kc2 Kb5 74. Kd2 Rf4 75. Re8 Rd4+ 76. Kc1 Kc6 77. Rf8 Be4 78. Rc8+ Kd5 79.
Rd8+ Ke5 80. Rxd4 cxd4 81. Kd2 Kf4 82. Rg1 d3 83. Rc1 Kxg5 84. Rc4 Kf4 85. Rxb4
g5 86. Rb8 g4 87. Rf8+ Bf5 88. b4 g3 89. Rg8 Bg4 90. Rf8+ Ke5 91. Rg8 Kf4 92.
Rf8+ Kg5 93. Rg8+ Kh4 94. Rh8+ Bh5 95. Rg8 Bg4 96. Rh8+ Kg5 97. Rg8+ Kf5 98.
Rf8+ Ke5 99. Rg8 Kf4 {Slight controversy when White claimed a draw by
threefold repetition after making his own move. This was a moot point point of
discussion but a move later Black offered the draw. During the game White had
appeared to miss an opportunity with a mating net around move 47 but it was
far from clear... (bulletin)} 1/2-1/2

[Event "GBR-ch83"]
[Site "Nottingham"]
[Date "1996.08.06"]
[Round "2.3"]
[White "Emms, John M"]
[Black "Knott, Simon JB"]
[Result "1/2-1/2"]
[WhiteElo "2500"]
[BlackElo "2335"]
[PlyCount "52"]
[EventDate "1996.08.05"]
[EventType "swiss"]
[EventRounds "11"]
[EventCountry "GBR"]

1. e4 e6 2. d4 d5 3. Nd2 Nf6 4. Bd3 c5 5. e5 Nfd7 6. c3 Nc6 7. Ne2 cxd4 8. cxd4
Nb6 9. a3 a5 10. b3 a4 11. b4 Bd7 12. O-O Be7 13. f4 g6 14. Bb2 h5 15. Kh1 Kf8
16. Rc1 Kg7 17. Rf3 Qe8 18. Qf1 Rc8 19. Rg3 Bh4 20. Rh3 Bd8 21. Rc5 Ne7 22. Ng3
h4 23. Ne2 Nf5 24. Kg1 Be7 25. Rxc8 Qxc8 26. Nc3 Qa8 1/2-1/2

[Event "GBR-ch83"]
[Site "Nottingham"]
[Date "1996.08.06"]
[Round "2.4"]
[White "Clarke, Thomas"]
[Black "Ward, Christopher G"]
[Result "0-1"]
[WhiteElo "2230"]
[BlackElo "2460"]
[PlyCount "110"]
[EventDate "1996.08.05"]
[EventType "swiss"]
[EventRounds "11"]
[EventCountry "GBR"]

1. d4 Nf6 2. Bg5 Ne4 3. h4 c5 4. dxc5 d5 5. cxd6 Qb6 6. Be3 Qxb2 7. Qd4 Qxd4 8.
Bxd4 Nxd6 9. Na3 Nc6 10. Bb2 e5 11. Nf3 f6 12. e3 Be6 13. Nb5 O-O-O 14. Nxd6+
Bxd6 15. a3 Bc7 16. Bc3 Ba5 17. Bxa5 Nxa5 18. Nd2 Rd7 19. O-O-O Bf5 20. Be2 Rc7
21. e4 Be6 22. Kb2 Rd8 23. Nb3 Rxc2+ 24. Kxc2 Bxb3+ 25. Kc3 Bxd1 26. Bxd1 Nc6
27. Bg4+ Kc7 28. h5 Nd4 29. a4 Rd6 30. Bd1 Rc6+ 31. Kd2 h6 32. Rh3 Ne6 33. Rc3
Rxc3 34. Kxc3 Nc5 35. f3 b6 36. Bc2 Kc6 37. Kc4 a6 38. Kb4 Nb7 39. Bd3 a5+ 40.
Kc4 Nd6+ 41. Kb3 Kc5 42. Kc3 b5 43. axb5 Nxb5+ 44. Kb3 Nd6 45. Ka4 Kd4 46. Ba6
Nc4 47. Bxc4 Kxc4 48. Kxa5 Kd3 49. Kb5 Ke3 50. Kc5 Kf2 51. Kd5 Kxg2 52. Ke6
Kxf3 53. Kf5 Kg3 54. Kg6 Kg4 55. Kxg7 Kg5 0-1

[Event "GBR-ch83"]
[Site "Nottingham"]
[Date "1996.08.06"]
[Round "2.5"]
[White "Martin, Andrew D"]
[Black "Littlewood, John Eric"]
[Result "1-0"]
[WhiteElo "2425"]
[BlackElo "2275"]
[PlyCount "63"]
[EventDate "1996.08.05"]
[EventType "swiss"]
[EventRounds "11"]
[EventCountry "GBR"]

1. c4 Nf6 2. Nc3 g6 3. e4 d6 4. d4 Bg7 5. Nge2 O-O 6. Ng3 c5 7. d5 e6 8. Be2
exd5 9. exd5 a6 10. O-O b5 11. cxb5 axb5 12. Bxb5 Nbd7 13. Bf4 Ne8 14. Qd2 Ba6
15. Bxd7 Qxd7 16. Rfe1 Rb8 17. Bh6 Rxb2 18. Qxb2 Bxh6 19. Rab1 Bg7 20. Qc2 Bb7
21. a4 Nf6 22. Qb3 Ba8 23. h3 h5 24. Qc4 Nh7 25. Nb5 Nf6 26. Rbd1 Bb7 27. Ne4
Ne8 28. Nec3 Bf6 29. Qf4 Kg7 30. Ne4 Be7 31. Qe3 Ba6 32. Nxc5 1-0

[Event "GBR-ch83"]
[Site "Nottingham"]
[Date "1996.08.06"]
[Round "2.6"]
[White "Ansell, Simon T"]
[Black "Pert, Nicholas"]
[Result "1-0"]
[WhiteElo "2420"]
[BlackElo "2195"]
[PlyCount "57"]
[EventDate "1996.08.05"]
[EventType "swiss"]
[EventRounds "11"]
[EventCountry "GBR"]

1. e4 e6 2. d4 d5 3. e5 c5 4. c3 Nc6 5. Nf3 Bd7 6. Be2 f6 7. O-O Qc7 8. Bf4
Nge7 9. Bg3 f5 10. Na3 a6 11. c4 cxd4 12. Rc1 g6 13. Bh4 Bh6 14. Bxe7 Nxe7 15.
Rc2 Ba4 16. b3 Qc5 17. bxa4 Qxa3 18. Nxd4 Kf7 19. Qb1 Qxa4 20. Qxb7 Rad8 21.
Qb6 Qd7 22. c5 Ra8 23. Bxa6 Rhb8 24. Bb5 Qc8 25. Qd6 Ra7 26. c6 Rb6 27. c7 Rxd6
28. exd6 Bf4 29. dxe7 1-0

[Event "GBR-ch83"]
[Site "Nottingham"]
[Date "1996.08.06"]
[Round "2.9"]
[White "Bates, Richard"]
[Black "Merriman, John"]
[Result "1/2-1/2"]
[WhiteElo "2315"]
[BlackElo "2275"]
[PlyCount "53"]
[EventDate "1996.08.05"]
[EventType "swiss"]
[EventRounds "11"]
[EventCountry "GBR"]

1. d4 d5 2. c4 e6 3. Nf3 Nf6 4. g3 Be7 5. Bg2 O-O 6. O-O b6 7. Qc2 Bb7 8. cxd5
exd5 9. Bf4 Bd6 10. Bxd6 Qxd6 11. Nc3 c6 12. Rab1 Nbd7 13. b4 Rfe8 14. Rfd1
Rac8 15. a4 Re7 16. e3 Nf8 17. Qb3 h6 18. b5 c5 19. dxc5 Rxc5 20. Nd4 Rec7 21.
Qa3 Qe5 22. Rbc1 Ne6 23. a5 Ne4 24. Nxe4 dxe4 25. axb6 axb6 26. Nxe6 Qxe6 27.
Rxc5 1/2-1/2

[Event "GBR-ch83"]
[Site "Nottingham"]
[Date "1996.08.06"]
[Round "2.10"]
[White "Bisby, Daniel L"]
[Black "Summerscale, Aaron"]
[Result "0-1"]
[WhiteElo "2205"]
[BlackElo "2500"]
[PlyCount "78"]
[EventDate "1996.08.05"]
[EventType "swiss"]
[EventRounds "11"]
[EventCountry "GBR"]
[SourceTitle "Mega Database 2004"]

1. e4 c5 2. Nf3 d6 3. d4 cxd4 4. Nxd4 Nf6 5. Nc3 g6 6. Be3 Bg7 7. f3 O-O 8. Qd2
Nc6 9. Bc4 Bd7 10. O-O-O Qa5 11. Bb3 Rfc8 12. Kb1 Ne5 13. h4 b5 14. h5 Nc4 15.
Bxc4 bxc4 16. hxg6 fxg6 17. Bh6 Bh8 18. Nf5 gxf5 19. e5 Qxe5 20. Rde1 Qg3 21.
Rxe7 Qg6 22. Nd5 Re8 23. Rhe1 Bc6 24. Rxe8+ Rxe8 25. Ne7+ Rxe7 26. Rxe7 Nd5 27.
Rxa7 f4 28. Ra6 c3 29. bxc3 Qxh6 30. Rxc6 Qe6 31. a4 Be5 32. a5 Ne7 33. Rb6 Qc4
34. Rb8+ Kg7 35. Rb3 Nd5 36. Qd3 Nxc3+ 37. Kc1 Qc5 38. a6 Qg1+ 39. Kb2 Qb1+ 0-1

[Event "GBR-ch83"]
[Site "Nottingham"]
[Date "1996.08.06"]
[Round "2.11"]
[White "Parker, Jonathan F"]
[Black "Wolstencroft, Darryl"]
[Result "1-0"]
[WhiteElo "2470"]
[BlackElo "2200"]
[PlyCount "53"]
[EventDate "1996.08.05"]
[EventType "swiss"]
[EventRounds "11"]
[EventCountry "GBR"]
[SourceTitle "Mega Database 2004"]

1. d4 f5 2. g3 Nf6 3. Bg2 e6 4. c4 d5 5. Nh3 c6 6. O-O Bd6 7. Bf4 O-O 8. Nd2 b6
9. Qc2 Ne4 10. Nxe4 dxe4 11. Bg5 Be7 12. Bxe7 Qxe7 13. f3 e5 14. dxe5 exf3 15.
exf3 Qxe5 16. Rfe1 Qf6 17. Rad1 Nd7 18. Nf4 Nc5 19. b4 g5 20. Nh5 Qg6 21. bxc5
Qxh5 22. Re7 Qg6 23. Rd6 Rf6 24. Rd8+ Rf8 25. Rd6 Rf6 26. Qc3 Be6 27. Qe5 1-0

[Event "GBR-ch83"]
[Site "Nottingham"]
[Date "1996.08.06"]
[Round "2.12"]
[White "Molyneux, John"]
[Black "Ferguson, Mark"]
[Result "1/2-1/2"]
[WhiteElo "2170"]
[BlackElo "2385"]
[PlyCount "72"]
[EventDate "1996.08.05"]
[EventType "swiss"]
[EventRounds "11"]
[EventCountry "GBR"]

1. f4 d5 2. b3 Nf6 3. e3 g6 4. Bb2 Bg7 5. Nf3 O-O 6. Be2 c5 7. O-O b6 8. Ne5
Nfd7 9. Bf3 Bb7 10. c4 Qc7 11. Nc3 Nxe5 12. fxe5 dxc4 13. Nd5 Bxd5 14. Bxd5 Nc6
15. Qf3 Rac8 16. Bxf7+ Kh8 17. Qh3 Nxe5 18. Bxe5 Bxe5 19. Bxg6 e6 20. Rac1 cxb3
21. axb3 ({The bulletin clearly shows} 21. a3 {here but that would make no
sense, e.g. when White subsequently plays 32.Be8 when the residual b-pawn
would promote in two moves. This is a most unusual score error in an era when
scores are computer-generated and not typed in by hand as this one seems to
have been. One can only conclude that the original inputter who created the
bulletin made this error and failed to spot it when inputting the final few
moves of the game. It doesn't bode well for the accuracy of other scores from
this tournament!}) 21... Bxh2+ 22. Kh1 Be5 23. Be4 Qe7 24. Qh5 Qg7 25. Kg1 Bd6
26. Rxf8+ Rxf8 27. Rf1 a5 28. Rxf8+ Bxf8 29. Bd3 h6 30. Qg6 Qxg6 31. Bxg6 Kg7
32. Be8 Kf6 33. d3 Ke5 34. Kf2 Be7 35. Kf3 Bg5 36. Bb5 Be7 1/2-1/2

[Event "GBR-ch83"]
[Site "Nottingham"]
[Date "1996.08.06"]
[Round "2.13"]
[White "Lee, Graham D"]
[Black "Trifunovic, Aleksandar"]
[Result "1-0"]
[WhiteElo "2375"]
[BlackElo "2250"]
[PlyCount "81"]
[EventDate "1996.08.05"]
[EventType "swiss"]
[EventRounds "11"]
[EventCountry "GBR"]

1. e4 Nf6 2. e5 Nd5 3. Nc3 Nxc3 4. dxc3 d5 5. c4 c6 6. Bf4 Bf5 7. Nf3 e6 8.
cxd5 Qxd5 9. Qxd5 exd5 10. Nd4 Bg6 11. O-O-O Nd7 12. h4 h6 13. h5 Bh7 14. e6
Nc5 15. exf7+ Kxf7 16. g3 Be7 17. Bh3 Bf6 18. Nf5 Ne4 19. Rh2 Bg5 20. Bxg5 Bxf5
21. Bxf5 Nxg5 22. f4 Kf6 23. Bg6 Nf7 24. g4 Rhe8 25. g5+ Ke7 26. Rg2 Kf8 27.
gxh6 gxh6 28. Rdg1 Re3 29. Bxf7 Kxf7 30. Rg7+ Kf6 31. Rxb7 Rh3 32. Rg6+ Kf5 33.
Rxh6 c5 34. b3 Re8 35. Rf7+ Ke4 36. Kb2 Kd4 37. Rd6 Rxh5 38. Rxa7 c4 39. Rc7
Re2 40. Rxc4+ Ke3 41. Re6+ 1-0

[Event "GBR-ch83"]
[Site "Nottingham"]
[Date "1996.08.06"]
[Round "2.17"]
[White "Dyce, Andrew N"]
[Black "Wall, Timothy P"]
[Result "1-0"]
[WhiteElo "2135"]
[BlackElo "2320"]
[PlyCount "103"]
[EventDate "1996.08.05"]
[EventType "swiss"]
[EventRounds "11"]
[EventCountry "GBR"]

1. e4 e5 2. Nf3 Nc6 3. Bb5 a6 4. Bxc6 dxc6 5. O-O f6 6. d4 exd4 7. Nxd4 c5 8.
Nb3 Qxd1 9. Rxd1 Bg4 10. f3 Be6 11. Be3 b6 12. Bf4 c4 13. Nd4 O-O-O 14. Nc3
Rxd4 15. Rxd4 Bc5 16. Rad1 Ne7 17. Ne2 c3 18. b3 Nc6 19. Be3 Nb4 20. R4d3 Nxd3
21. Rxd3 Bb4 22. Nxc3 Bxc3 23. Rxc3 c5 24. a4 a5 25. Bxc5 bxc5 26. Rxc5+ Kb7
27. Rxa5 Rd8 28. Rb5+ Kc6 29. c4 Rd2 30. h4 Bd7 31. b4 Kc7 32. Rc5+ Kd6 33. a5
Ra2 34. Rd5+ Kc7 35. b5 Be6 36. Rc5+ Kb8 37. b6 Rd2 38. Rc7 Rd7 39. Rc6 Rd1+
40. Kf2 Bc8 41. Rc7 Rd7 42. Rxd7 Bxd7 43. a6 Bc8 44. a7+ Kb7 45. Ke3 h5 46. Kd4
Be6 47. c5 g5 48. hxg5 fxg5 49. c6+ Ka8 50. Ke5 Bh3 51. gxh3 g4 52. c7 1-0

[Event "GBR-ch83"]
[Site "Nottingham"]
[Date "1996.08.06"]
[Round "2.20"]
[White "Wilson, Jonathan G"]
[Black "Shah, Arpi"]
[Result "1-0"]
[WhiteElo "2285"]
[BlackElo "2035"]
[PlyCount "49"]
[EventDate "1996.08.05"]
[EventType "swiss"]
[EventRounds "11"]
[EventCountry "GBR"]

1. d4 d5 2. c4 c6 3. Nf3 Nf6 4. Nc3 dxc4 5. a4 Bg4 6. Ne5 Bh5 7. f3 Nfd7 8.
Nxc4 e5 9. Ne4 Bb4+ 10. Bd2 Bxd2+ 11. Qxd2 O-O 12. Nxe5 Nxe5 13. dxe5 Qc7 14.
f4 Bg6 15. Ng3 Rd8 16. Qc3 h6 17. e4 a5 18. Bc4 Qb6 19. f5 Bh7 20. e6 Na6 21.
exf7+ Kf8 22. Ke2 Nc5 23. Nh5 Nxe4 24. Qxg7+ Ke7 25. f8=Q# 1-0

[Event "GBR-ch83"]
[Site "Nottingham"]
[Date "1996.08.06"]
[Round "2.23"]
[White "Ledger, Stephen C"]
[Black "Mordue, A Tyson"]
[Result "1-0"]
[WhiteElo "2250"]
[BlackElo "2240"]
[PlyCount "45"]
[EventDate "1996.08.05"]
[EventType "swiss"]
[EventRounds "11"]
[EventCountry "GBR"]

1. d4 Nf6 2. Nf3 g6 3. Bf4 d6 4. e3 Nh5 5. Bg5 h6 6. Bh4 g5 7. Bg3 Bg7 8. Bd3
e6 9. c3 Qe7 10. Nbd2 Nd7 11. Qe2 Nb6 12. O-O-O Bd7 13. Ne1 Nxg3 14. hxg3 O-O-O
15. Nb3 f5 16. Na5 Rhf8 17. Ba6 Kb8 18. Bxb7 Qe8 19. Ba6 e5 20. Nc2 e4 21. Nb4
d5 22. Bb7 Bb5 23. Nbc6+ 1-0

[Event "GBR-ch83"]
[Site "Nottingham"]
[Date "1996.08.06"]
[Round "2.25"]
[White "Savage, Ben D"]
[Black "Ledger, Andrew J"]
[Result "0-1"]
[WhiteElo "2200"]
[BlackElo "2415"]
[PlyCount "76"]
[EventDate "1996.08.05"]
[EventType "swiss"]
[EventRounds "11"]
[EventCountry "GBR"]

1. e4 c6 2. Nc3 d5 3. Nf3 Bg4 4. h3 Bxf3 5. Qxf3 Nf6 6. d3 e6 7. g3 Be7 8. Bg2
O-O 9. O-O Nbd7 10. Qe2 b5 11. f4 Rc8 12. f5 d4 13. Nd1 e5 14. g4 Ne8 15. Nf2
Nb6 16. Qf3 Bh4 17. g5 Bxg5 18. Bxg5 Qxg5 19. Ng4 f6 20. Qe2 c5 21. Rf3 c4 22.
Rg3 h5 23. h4 Qf4 24. Kh2 hxg4 25. Rf1 Qh6 26. Rxg4 cxd3 27. cxd3 Rf7 28. Rg6
Qxh4+ 29. Kg1 Rfc7 30. Rf2 Nd7 31. Bf1 Nf8 32. Rg4 Qh6 33. Qd1 Qe3 34. Kg2 Nd6
35. Rg3 Qc1 36. Qh5 Nf7 37. Kg1 Rc2 38. Rff3 Ng5 0-1

[Event "GBR-ch83"]
[Site "Nottingham"]
[Date "1996.08.06"]
[Round "2.26"]
[White "Rudd, Jack"]
[Black "Williams, Simon Kim"]
[Result "0-1"]
[WhiteElo "2190"]
[BlackElo "2350"]
[PlyCount "60"]
[EventDate "1996.08.05"]
[EventType "swiss"]
[EventRounds "11"]
[EventCountry "GBR"]
[SourceTitle "Mega Database 2004"]

1. d4 e6 2. e4 d5 3. Nd2 Nf6 4. e5 Nfd7 5. f4 c5 6. c3 Nc6 7. Ndf3 Qb6 8. Ne2
cxd4 9. cxd4 f6 10. Nc3 Be7 11. Bd3 O-O 12. a3 fxe5 13. dxe5 Ndxe5 14. fxe5
Nxe5 15. Be2 Bd7 16. Nxe5 Qf2+ 17. Kd2 Qf4+ 18. Kc2 Qxe5 19. Bd3 d4 20. Ne2 Rf2
21. Kb1 Rc8 22. Re1 Bb5 23. Bxb5 Qxb5 24. Nxd4 Rxc1+ 25. Qxc1 Qd3+ 26. Nc2 Bg5
27. Qd1 Rd2 28. Qxd2 Bxd2 29. Rg1 b5 30. Ra2 e5 0-1

[Event "GBR-ch83"]
[Site "Nottingham"]
[Date "1996.08.06"]
[Round "2.28"]
[White "Hunt, Harriet V"]
[Black "Spice, Alan P"]
[Result "1-0"]
[WhiteElo "2315"]
[BlackElo "2210"]
[PlyCount "75"]
[EventDate "1996.08.05"]
[EventType "swiss"]
[EventRounds "11"]
[EventCountry "GBR"]

1. e4 e6 2. d4 d5 3. Nd2 Nc6 4. c3 dxe4 5. Nxe4 Nf6 6. Bd3 Nxe4 7. Bxe4 Bd6 8.
Nf3 Bd7 9. O-O O-O 10. Re1 h6 11. Bc2 Qf6 12. Qd3 Qf5 13. Qxf5 exf5 14. d5 Ne7
15. c4 b5 16. b3 Rae8 17. Be3 Bb4 18. Red1 a5 19. Bd4 Ng6 20. a3 Be7 21. g3 f4
22. Bxg6 fxg6 23. Ne5 Bf5 24. cxb5 Bd6 25. Re1 Bc2 26. b6 cxb6 27. Nc4 Bb8 28.
Nxb6 Bxb3 29. Nd7 Rxe1+ 30. Rxe1 Rc8 31. Re7 Rc1+ 32. Kg2 Bxd5+ 33. Kh3 Rd1 34.
Rxg7+ Kh8 35. Bf6 Be6+ 36. Kh4 Rh1 37. Rxg6+ Kh7 38. Nf8# 1-0

[Event "GBR-ch83"]
[Site "Nottingham"]
[Date "1996.08.06"]
[Round "2.29"]
[White "Moskovic, David M"]
[Black "Cobb, James E"]
[Result "0-1"]
[WhiteElo "2185"]
[BlackElo "2260"]
[PlyCount "38"]
[EventDate "1996.08.05"]
[EventType "swiss"]
[EventRounds "11"]
[EventCountry "GBR"]

1. e4 e5 2. Nf3 Nc6 3. Bb5 Nge7 4. d4 exd4 5. O-O g6 6. Nxd4 Bg7 7. Be3 O-O 8.
Nc3 d5 9. exd5 Nxd5 10. Nxc6 bxc6 11. Bxc6 Nxe3 12. fxe3 Rb8 13. Bd5 Ba6 14.
Rf4 Qe7 15. Re4 Qg5 16. h4 Qg3 17. Na4 Rbd8 18. Nc5 Bc8 19. c3 Qd6 0-1

[Event "GBR-ch83"]
[Site "Nottingham"]
[Date "1996.08.07"]
[Round "3.1"]
[White "Pert, Richard G"]
[Black "Sadler, Matthew D"]
[Result "0-1"]
[WhiteElo "2165"]
[BlackElo "2615"]
[PlyCount "100"]
[EventDate "1996.08.05"]
[EventType "swiss"]
[EventRounds "11"]
[EventCountry "GBR"]

1. e4 c5 2. Nf3 e6 3. d4 cxd4 4. Nxd4 Nc6 5. Nc3 Qc7 6. Be2 a6 7. O-O Nf6 8.
Be3 Bb4 9. Na4 Be7 10. Nxc6 bxc6 11. Nb6 Rb8 12. Nxc8 Qxc8 13. e5 Nd5 14. Bd4
c5 15. c4 Nb4 16. Bc3 O-O 17. f4 Rd8 18. Bf3 d5 19. cxd5 Nxd5 20. Bxd5 exd5 21.
f5 d4 22. Ba5 Rd5 23. f6 Bf8 24. Qe2 Qe6 25. Rae1 g6 26. b3 Re8 27. Bc7 Rd7 28.
Ba5 Rd5 29. Bc7 Rc8 30. Bd6 Bxd6 31. exd6 Qxe2 32. Rxe2 Rxd6 33. g4 h6 34. h4
Kf8 35. g5 hxg5 36. hxg5 Rd5 37. Rg2 Re8 38. Rf3 Ree5 39. Rh3 Kg8 40. Kh1 Rxg5
41. Rc2 d3 42. Rd2 Rh5 43. Kg2 Rxh3 44. Kxh3 Kf8 45. Kg3 Ke8 46. Kf2 Kd7 47.
Ke1 Ke6 48. Rf2 d2+ 49. Kd1 g5 50. Rf1 Ke5 0-1

[Event "GBR-ch83"]
[Site "Nottingham"]
[Date "1996.08.07"]
[Round "3.2"]
[White "Ward, Christopher G"]
[Black "Ansell, Simon T"]
[Result "1-0"]
[WhiteElo "2460"]
[BlackElo "2420"]
[PlyCount "139"]
[EventDate "1996.08.05"]
[EventType "swiss"]
[EventRounds "11"]
[EventCountry "GBR"]

1. d4 Nf6 2. c4 c5 3. d5 b5 4. a4 bxc4 5. Nc3 g6 6. e4 d6 7. Bxc4 Bg7 8. f4 O-O
9. Nf3 Ba6 10. Bb5 Qa5 11. Bd2 Bxb5 12. axb5 Qb6 13. O-O Qb7 14. Ra5 Nbd7 15.
Qe2 Rfc8 16. Qc4 Nb6 17. Qa2 Rc7 18. h3 c4 19. Be3 Nxe4 20. Nxe4 Nxd5 21. Bd2
Nxf4 22. Bxf4 Qxe4 23. Bd2 Rac8 24. Kh1 Qe2 25. Re1 Qf2 26. Bc3 Bxc3 27. bxc3
Qxa2 28. Rxa2 Rb8 29. Ra5 e5 30. Ra6 Rb6 31. Rxb6 axb6 32. Rd1 Rc5 33. Rxd6
Rxb5 34. Rc6 e4 35. Nd4 Rb1+ 36. Kh2 b5 37. Rc5 b4 38. cxb4 Rxb4 39. Nc2 Ra4
40. Kg3 f5 41. Kf4 Kg7 42. g4 fxg4 43. hxg4 Ra7 44. Ne3 Re7 45. Rxc4 Kh6 46.
Rc5 Rf7+ 47. Kxe4 Re7+ 48. Kf4 Rf7+ 49. Kg3 Kg7 50. Nd5 Ra7 51. Nf4 Re7 52. Rc6
Kh6 53. Ne6 Ra7 54. Kh4 Ra4 55. Rc7 Rb4 56. Rf7 Ra4 57. Kg3 Ra3+ 58. Kf4 Ra4+
59. Kf3 Ra3+ 60. Kf2 Ra2+ 61. Kg3 Ra3+ 62. Kh4 Ra4 63. Rf2 Re4 64. Ng5 Ra4 65.
Rf8 Ra5 66. Ne4 Ra4 67. Re8 Ra7 68. Rg8 Ra5 69. g5+ Rxg5 70. Nf6 1-0

[Event "GBR-ch83"]
[Site "Nottingham"]
[Date "1996.08.07"]
[Round "3.3"]
[White "Knott, Simon JB"]
[Black "Martin, Andrew D"]
[Result "1-0"]
[WhiteElo "2335"]
[BlackElo "2425"]
[PlyCount "73"]
[EventDate "1996.08.05"]
[EventType "swiss"]
[EventRounds "11"]
[EventCountry "GBR"]
[SourceTitle "Mega Database 2004"]

1. c4 g6 2. d4 Bg7 3. Nc3 c5 4. d5 d6 5. e4 Nf6 6. Be2 O-O 7. Nf3 e6 8. O-O
exd5 9. exd5 a6 10. h3 b5 11. cxb5 axb5 12. Bxb5 Ba6 13. Bxa6 Rxa6 14. Rb1 Nbd7
15. Qd3 Qa8 16. Rd1 Rb8 17. b3 Ne8 18. Bb2 Nc7 19. Ba1 Rb4 20. a4 c4 21. bxc4
Nc5 22. Qe2 Nb3 23. Bb2 Ne8 24. Re1 Rb8 25. Nb5 Bh6 26. Bc3 Nc5 27. a5 Rd8 28.
Nfd4 Qc8 29. Nc6 Rxc6 30. dxc6 Qxc6 31. Rbd1 Ng7 32. Qe7 Nge6 33. Rxd6 Rxd6 34.
Qxd6 Qa8 35. Qd5 Qf8 36. a6 Qb8 37. a7 1-0

[Event "GBR-ch83"]
[Site "Nottingham"]
[Date "1996.08.07"]
[Round "3.4"]
[White "Hebden, Mark L"]
[Black "Cobb, Charles A"]
[Result "0-1"]
[WhiteElo "2530"]
[BlackElo "2260"]
[PlyCount "107"]
[EventDate "1996.08.05"]
[EventType "swiss"]
[EventRounds "11"]
[EventCountry "GBR"]

1. d4 e6 2. Nf3 Nf6 3. c4 b6 4. g3 Ba6 5. b3 d5 6. Bg2 c5 7. cxd5 exd5 ({
The bulletin gives the ludicrous} 7... cxd4 8. O-O Nc6 {which makes no sense
at all}) 8. O-O Nc6 9. Nc3 Rc8 10. Bg5 Be7 11. Rc1 O-O 12. Re1 cxd4 13. Nxd4
Nxd4 14. Qxd4 h6 15. Bd2 Bc5 16. Qa4 Bb7 17. b4 Bc6 18. Qb3 Be7 19. b5 Ba8 20.
Na4 Ne4 21. Bf4 Qd7 22. Qd3 Qe6 23. Red1 Bf6 24. h4 d4 25. Qa3 Qf5 26. Qd3 g5
27. Rxc8 Rxc8 28. f3 gxf4 29. fxe4 Qh5 30. gxf4 Qxh4 31. e5 Bxg2 32. Kxg2 Kh8
33. Kf3 Rg8 34. Ke4 Bxe5 35. Kxe5 Qe7+ 36. Kd5 Qe6+ 37. Kxd4 Rd8+ 38. Kc3 Rxd3+
39. Rxd3 Qxa2 40. Nb2 Qa5+ 41. Kc4 a6 42. bxa6 Qxa6+ 43. Kd4 b5 44. Ke3 Qe6+
45. Kf3 h5 46. Rd8+ Kg7 47. Nd3 Qg4+ 48. Ke3 Qg3+ 49. Ke4 h4 50. Rd5 Qg2+ 51.
Kd4 Qxe2 52. Rxb5 h3 53. Re5 Qd1 54. Re1 0-1

[Event "GBR-ch83"]
[Site "Nottingham"]
[Date "1996.08.07"]
[Round "3.6"]
[White "Summerscale, Aaron"]
[Black "Hempson, Peter W"]
[Result "1-0"]
[WhiteElo "2500"]
[BlackElo "2235"]
[PlyCount "91"]
[EventDate "1996.08.05"]
[EventType "swiss"]
[EventRounds "11"]
[EventCountry "GBR"]

1. d4 e6 2. c4 f5 3. g3 Nf6 4. Bg2 c6 5. Nh3 Bb4+ 6. Bd2 Qe7 7. O-O O-O 8. Qc2
Bxd2 9. Nxd2 d6 10. e4 e5 11. exf5 exd4 12. Rfe1 Qd7 13. Re6 Qc7 14. Nf4 Na6
15. Nf3 c5 16. Rae1 Bxe6 17. Nxe6 Qd7 18. Nxf8 Rxf8 19. Ng5 h6 20. Ne6 Re8 21.
Qd1 Nc7 22. Nxc7 Rxe1+ 23. Qxe1 Qxc7 24. Qe6+ Kf8 25. h3 b6 26. g4 Qe7 27. Qc8+
Qe8 28. Qxe8+ Kxe8 29. f4 Ke7 30. Kf2 Nd7 31. Bc6 Nb8 32. Bb7 Kf6 33. Kf3 h5
34. Ke4 hxg4 35. hxg4 Ke7 36. g5 Nd7 37. Bc6 Nb8 38. Bb5 Nd7 39. a3 Nf8 40. Bc6
Nh7 41. Ba4 Nf8 42. Kd5 b5 43. cxb5 Nd7 44. Bd1 Nb6+ 45. Kc6 Nc4 46. Kb7 1-0

[Event "GBR-ch83"]
[Site "Nottingham"]
[Date "1996.08.07"]
[Round "3.7"]
[White "Ledger, Stephen C"]
[Black "Parker, Jonathan F"]
[Result "0-1"]
[WhiteElo "2250"]
[BlackElo "2470"]
[PlyCount "102"]
[EventDate "1996.08.05"]
[EventType "swiss"]
[EventRounds "11"]
[EventCountry "GBR"]

1. d4 Nf6 2. Nf3 e6 3. Bf4 Be7 4. h3 c5 5. c3 b6 6. e3 O-O 7. Nbd2 Bb7 8. Bd3
cxd4 9. exd4 d6 10. Qe2 Nbd7 11. O-O Re8 12. Bh2 a6 13. a4 Nf8 14. Nc4 Ra7 15.
Rfe1 Nd5 16. Ne3 Qa8 17. Nc4 Qb8 18. Nfd2 Bc6 19. Ne4 Rd7 20. Na3 Nc7 21. Nc2
f5 22. Nd2 Qa8 23. Nc4 Qb7 24. N4e3 a5 25. b4 Ng6 26. Qh5 Nh4 27. d5 Bxd5 28.
Nxd5 Qxd5 29. Bf1 Ng6 30. Ne3 Qc6 31. Nc4 Bf6 32. Rac1 d5 33. Ne3 Ree7 34. c4
d4 35. b5 Qc5 36. Nd1 Qa3 37. Rc2 Rd8 38. Bxc7 Rxc7 39. Rxe6 Qxa4 40. Rce2 Qxd1
41. Rxf6 gxf6 42. Re8+ Rxe8 43. Qxd1 Rd8 44. Bd3 Kh8 45. Qf3 Ne5 46. Qxf5 Rd6
47. Qf4 a4 48. Qh6 Rg7 49. Be4 a3 50. f4 Nf3+ 51. Bxf3 a2 0-1